000 00755nam0a22002411 4500
001 rc\3049033
005 20250530024035.0
035 _a(NLR Aleph) 007188643
090 _a7515390
_c7515390
100 _a20111010d1940 |||y0rusy50 ca
101 0 _arus
102 _aRU
105 _ay z |||||
200 1 _aШирокорядные посевы проса
_fП.В. Клюкин
210 _aСталинград
_cОбл. книгоизд-во
_d1940
215 _a28 с.
_d14 см
225 1 _aЗа стопудовые урожаи зерновых культур
700 1 _aКлюкин
_bП.В.
_gПетр Викторович
801 0 _aRU
_bNLR
_gpsbo
801 1 _aRU
_bELAR
_2rusmarc
852 _aNLR
_j40-8/338
942 _cBOOK
980 _aNB